000 004440000a22001810004500
003 MACL
005 20151028104923.0
008 151028b xxu||||| |||| 00| 0 eng d
040 _aMACL
_cMACL
041 _aEnglish
082 _a600/GUP
100 _aGupta, A K
_917066
245 _aEngineering Management
260 _bS Chand & Company LTD
_c2009
_aNew Delhi
350 _a200
650 _aTechnology
_917067
942 _cBK
_k600/GUP
_2ddc
999 _c43946
_d43946